Histoire de France par lettre - H - Statistiques

Statistiques générales
  • Ce quiz a été pris 28 962 fois
    24 377 depuis la dernière actualisation
  • Le résultat moyen est 12 sur 20
Statistiques - réponses
Indices Réponses % Correct
Parrain de Paul Deschanel et fervent opposant à l'Empire, il dota la littérature française de certaines de ses œuvres les plus célèbres dont Les Misérables Victor Hugo
93%
Roi signataire de l'édit de Nantes assassiné par Ravaillac en 1610 Henri IV
92%
Philippe Pétain le rencontra à Montoire le 24 octobre 1940 Adolf Hitler
90%
Il fut chargé de diriger les travaux de transformations de Paris sous le Second Empire Georges-Eugène Haussmann
81%
Première colonie française à obtenir son indépendance, après la révolte de ses esclaves en 1804 Haïti
76%
Port normand rasé par les bombardements de 1944 dont Auguste Perret entreprit la reconstruction Le Havre
76%
Président de la République dont le véritable adversaire était apparemment le monde de la finance François Hollande
74%
Vecteur de transmission des titres de noblesse Hérédité
70%
Entreprise de maroquinerie de luxe qui avait pour slogan "Notre premier client, c'est le cheval ; le deuxième, le cavalier." dans les années 1880 Hermès
70%
Il a traversé les Alpes accompagné d'éléphants en 218 av. J.-C. Hannibal
61%
Connue sous le nom de Saïgon au cours de l'occupation française du Viêt Nam Hô Chi Minh-Ville
60%
Maison impériale de laquelle étaient notamment issues Marie-Antoinette et Marie-Louise Habsbourg-Lorraine
50%
Militaires musulmans rattachés aux unités françaises pendant la guerre d'Algérie Harkis
48%
Quotidien fondé en 1904 par Jean Jaurès, organe officiel du PCF jusqu'en 1994 L'Humanité
48%
Surnom de Philippe II de Bourgogne ainsi que du Roi de France Philippe III Philippe le {Hardi}
47%
Bédéiste belge qui créa Les Aventures de Jo, Zette et Jocko pour le journal français Cœurs vaillants Hergé
46%
Charles IX projeta de faire ériger un palais dans cette cité de la Côte d'Azur en 1564, date à laquelle la présence de palmiers dans la ville était déjà attestée Hyères
34%
Nom donné aux protestants du Royaume de France pendant les guerres de religion Huguenot
30%
Dirigeant du parti communiste français de 1994 à 2003 candidat à l'élection présidentielle en 1995 et 2002 Robert Hue
23%
Intellectuelle médiévale, célèbre pour sa relation amoureuse et philosophique avec Pierre Abélard Héloïse
15%
Aucun quiz correspondant
Distribution des résultats
% des personnes avec chaque résultat
Percentile par nombre de réponses
Votre historique - résultats
Vous n’avez pas pris ce quiz depuis la dernière actualisation